| 000 | 00354 a2200145 4500 | ||
|---|---|---|---|
| 001 | 168862 | ||
| 020 | _a | ||
| 040 | _cMagnum | ||
| 100 | _aBianchi, Anna Cecilia de Moraes | ||
| 240 | 1 | 0 |
_aManual de orientacao: estagio supervisionado _lpor |
| 245 | 1 | 0 | _aManual de orientacao: estagio supervisionado |
| 362 | 0 | _a1899 | |
| 697 | _aGERAL | ||
| 942 | _cBK | ||
| 999 |
_c168862 _d168862 |
||